00972cam a22003374i 4500003000900000005001700009008004100026020001800067035002000085040003300105082001500138100002700153245006200180264004400242300003700286336002000323337002400343338002200367505014900389526001000538526001000548526001000558526001000568526000800578526000800586526000800594526000800602526000800610526000800618526000800626PE-LiUPU20250731172856.0160920s1990 xxu r 000 0 spa d a9781943507009 a(Sirsi) a163624 aPE-LiUPUbspacPE-LiUPUerda04a269.2bL981 aLuppens, John,eautor.10aNew york City a simbol /cJohn Luppens, Ripples Ministry.1 aEE.UU :bGLOBAL MISSION CENTERS,c1990. a99 páginas ;c20 centímetros text2rdacontent unmediated2rdamedia volume2rdacarrier0 aForeword -- Introduction -- Endorsements -- Divine Counsels About New York City: 1848-1901 -- Implementing The VIsion about New York City: 1902. aSEG42 aSEG41 aSEG40 aSEG39 aP94 aP87 aP86 aP85 aP77 aP76 aP35